00851nam a2200229 i 450000100060000000300090000600500170001500700030003200800410003510000320007624500560010826000690016430000220023349000300025565000520028565000450033771000410038283000380042385200220046199900170048395201210050026103ES-MaACL20250828090933.0t|030107s1958 sp ||||1| spa d1 aArnold, Franz Xaver.92310713aLa mujer en la Iglesia / cFrancisco Javier Arnold. aMadrid : bSociedad de Educación Atenas, c1958 (fHelénica) a128 p. ; c22 cm.1 aApostolado femenino ; v5 7aMujeres en la Iglesia Católica2embne9155915 7aMujeres en el cristianismo2embne9153322 aSociedad de Educación Atenas966651 aApostolado femenino ; v591839994 aES-MaACLjC-14362 c26103d26103 00104070aATENEOMbATENEOMcSPALd2008-01-17eSCl0oC-14362p1026938r2023-02-23 00:00:00w2023-02-23yMONOGRAFIA